00844nam a22001937a 4500003000900000008004100009020001800050040007100068082001800139100002200157245005100179260004200230300004400272505025100316650000900567650002200576650001800598700003400616AR-CdUCM190312b ||||| |||| 00| 0 spa d a950-9097-73-X aMUNICIPALIDAD PROVINCIAL DEL CUSCOcBIBLIOTECA MUNICIPAL DEL CUSCO a791.43 /bR79 aRollins, Peter C. aHollywood :bel cine como fuente histórica / aBuenos Aires :bFraterna S.A.,c1987. a366 páginas ;bfotografías,c20 cm. aContenido: La historia Cultural en rayos de Luz. E. Carter -- Problemas de la historia fílmica: Fox y la innovación del sonido. D. Gommery -- Ideología y retórica fílmica -- El estilo visual como portador del énfasis Temático ...  aCine aHistoria del Cine aEstilo Visual aUsabiaga, Esteban (Traductor)